Регистарске ознаке у Југославији - Statistics

General Stats
  • This quiz has been taken 778 times
  • The average score is 69 of 124
Answer Stats
Ознака Регион % Correct
BG Београд
94%
AR Аранђеловац
88%
ČA Чачак
86%
BO Бор
83%
KG Крагујевац
82%
LJ Љубљана
81%
NI Ниш
80%
ZG Загреб
80%
NS Нови Сад
79%
Крушевац
78%
TG Титоград
78%
LE Лесковац
77%
MB Марибор
77%
ŠA Шабац
77%
BL Бања Лука
76%
CT Цетиње
75%
SA Сарајево
75%
DU Дубровник
74%
SU Суботица
74%
BD Будва
73%
HN Херцег Нови
73%
LO Лозница
73%
SK Скопље
73%
SO Сомбор
73%
KV Краљево
72%
ZR Зрењанин
72%
KI Кикинда
71%
NP Нови Пазар
71%
RI Ријека
71%
GM Горњи Милановац
70%
TZ Тузла
70%
VA Ваљево
70%
VR Врање
70%
RU Рума
69%
Вршац
69%
MO Мостар
68%
OS Осијек
68%
PR Приштина
68%
ZD Задар
68%
OH Охрид
67%
PA Панчево
67%
SM Сремска Митровица
67%
VU Вуковар
66%
BN Бијељина
65%
NK Никшић
65%
ST Сплит
65%
UL Улцињ
65%
PU Пула
64%
ZA Зајечар
64%
SD Смедерево
63%
PE Пећ
62%
PZ Призрен
62%
ŠI Шибеник
62%
Вараждин
62%
DO Добој
61%
KO Котор
61%
PI Пирот
61%
DJ Ђаковица
60%
TE Тетово
60%
CE Цеље
59%
PO Пожаревац
59%
TU Титово Ужице
58%
ZE Зеница
58%
GL Гњилане
57%
TS Трстеник
57%
BI Бихаћ
56%
PB Прибој
56%
TB Требиње
56%
BR Бар
55%
Горажде
54%
KP Копар
54%
UR Урошевац
54%
TM Титова Митровица
53%
BJ Бјеловар
52%
JC Јајце
52%
PK Прокупље
52%
KU Куманово
51%
BT Битољ
50%
VK Винковци
49%
ZV Зворник
49%
ČP Чапљина
48%
NM Ново Место
48%
SI Сисак
48%
Брчко
47%
ČK Чаковец
47%
KR Крањ
45%
ŠT Штип
45%
GS Госпић
44%
IG Иванград
42%
KA Карловац
42%
MA Макарска
42%
PD Приједор
42%
PV Пљевља
42%
DJK Ђаково
41%
LI Ливно
41%
OG Огулин
41%
SB Славонски Брод
41%
SV Светозарево
39%
TD Титов Дрвар
39%
TV Титов Велес
39%
DA Дарувар
38%
VT Вировитица
38%
BM Бели Манастир
36%
GO Нова Горица
36%
GV Гостивар
36%
SP Славонска Пожега
34%
KT Кутина
31%
NA Нашице
31%
KNJ Коњиц
30%
NG Нова Градишка
30%
PP Прилеп
30%
MD Модрича
29%
BU Бугојно
27%
MS Мурска Собота
27%
TR Травник
27%
TK Титова Кореница
25%
VI Високо
24%
DE Делнице
22%
KC Копривница
22%
Крижевци
22%
SR Струмица
19%
KN Крапина
17%
SC Соколац
14%
PS Подравска Слатина
13%
No matching quizzes found
Score Distribution
Percent of People with Each Score
Percentile by Number Answered
Your Score History
You have not taken this quiz